Textbook of diagnostic microbiology / (Record no. 26100)
[ view plain ]
| 000 -LEADER | |
|---|---|
| fixed length control field | 01044nam a22002537a 4500 |
| 005 - DATE AND TIME OF LATEST TRANSACTION | |
| control field | 20140310183652.0 |
| 008 - FIXED-LENGTH DATA ELEMENTS--GENERAL INFORMATION | |
| fixed length control field | 140123b xxu||||| |||| 00| 0 eng d |
| 020 ## - INTERNATIONAL STANDARD BOOK NUMBER | |
| International Standard Book Number | 9789812727879 |
| 050 ## - LIBRARY OF CONGRESS CALL NUMBER | |
| Classification number | QR 67 |
| Item number | .M279 2011 |
| 100 ## - MAIN ENTRY--PERSONAL NAME | |
| Relator code | Mahon, Connie R. |
| 245 ## - TITLE STATEMENT | |
| Title | Textbook of diagnostic microbiology / |
| Statement of responsibility, etc | Connie R. Mahon, Donald C. Lehman, George Manuselis. |
| 250 ## - EDITION STATEMENT | |
| Edition statement | 4th ed. |
| 260 ## - PUBLICATION, DISTRIBUTION, ETC. (IMPRINT) | |
| Place of publication, distribution, etc | Maryland Heights, Mo. : |
| Name of publisher, distributor, etc | Saunders/Elsevier, |
| Date of publication, distribution, etc | c2011. |
| 300 ## - PHYSICAL DESCRIPTION | |
| Extent | 1080 p. : |
| Other physical details | ill. ; |
| Dimensions | 29 cm. |
| 500 ## - GENERAL NOTE | |
| General note | Includes bibliographical references and index. |
| 520 ## - SUMMARY, ETC. | |
| Summary, etc | Introduction to clinical microbiology -- Laboratory identification of significant isolates -- Laboratory diagnosis of infectious diseases: an organ system approach to diagnostic microbiology. |
| 650 ## - SUBJECT ADDED ENTRY--TOPICAL TERM | |
| Topical term or geographic name as entry element | Diagnostic microbiology. |
| 650 ## - SUBJECT ADDED ENTRY--TOPICAL TERM | |
| Topical term or geographic name as entry element | Microbiological Techniques. |
| 650 ## - SUBJECT ADDED ENTRY--TOPICAL TERM | |
| Topical term or geographic name as entry element | Communicable Diseases |
| General subdivision | diagnosis. Laboratory Techniques and Procedures. |
| 700 ## - ADDED ENTRY--PERSONAL NAME | |
| Personal name | Lehman, Donald C. |
| 700 ## - ADDED ENTRY--PERSONAL NAME | |
| Personal name | Manuselis, George. |
| 942 ## - ADDED ENTRY ELEMENTS (KOHA) | |
| Source of classification or shelving scheme | Library of Congress Classification |
| Koha item type | Books |
| Withdrawn status | Lost status | Source of classification or shelving scheme | Damaged status | Home library | Current library | Shelving location | Date acquired | Total Checkouts | Total Renewals | Full call number | Barcode | Date last seen | Date checked out | Copy number | Price effective from | Koha item type |
|---|---|---|---|---|---|---|---|---|---|---|---|---|---|---|---|---|
| Library of Congress Classification | South SEED-LPDH College Library | South SEED-LPDH College Library | South SEED-LPDH College Section | 01/23/2014 | 5 | 16 | QR 67 .M279 2011 | SSLC0306 | 05/15/2018 | 09/26/2016 | 1 | 01/23/2014 | Books |